000 00452nam a2200181Ia 4500
003 GCL
008 140319s9999 xx 000 0 eng d
040 _aGCL /
_cGCL
082 0 4 _a720.92
_bA A
100 1 _aACADEMY EDITIONS
245 1 0 _aALDO ROSSI ARCHITECT /
_cACADEMY EDITIONS
260 _a[S.N] :
_bACADEMY EDITIONS ،
_c1992
300 _a237
650 0 4 _aARCHITECTURE
650 0 4 _aARCHITECTS
650 0 4 _aROSSI, ALDO
942 _2ddc
_cBK
999 _c10976
_d10976